| 000 | 01076nam0a22002771 4500 | ||
|---|---|---|---|
| 001 | rc\3301170 | ||
| 005 | 20260407075257.0 | ||
| 021 |
_aRU _b75-33665 |
||
| 021 |
_aRU _bРг8137-75 |
||
| 035 | _a(NLR Aleph) 007408914 | ||
| 090 |
_a6793990 _c6793990 |
||
| 100 | _a20130115d1974 |||y0rusy50 ca | ||
| 101 | 0 | _arus | |
| 102 | _aRU | ||
| 105 | _ay z ||||| | ||
| 200 | 1 |
_aДвижения в обобщенных пространствах _eУчен. записки _f[Ред. коллегия: проф. И.П. Егоров (науч. ред.)] [и др.] _gМ-во прос. РСФСР. Рязан. гос. пед. ин-т |
|
| 210 |
_aРязань _cБ. и. _d1974 |
||
| 215 |
_a75 с. _d21 |
||
| 320 | _aБиблиогр. в конце статей | ||
| 702 | 1 |
_aЕгоров _bИ.П. _gИван Петрович _4340 |
|
| 712 | 0 | 2 |
_aРязанский педагогический институт им. С. А. Есенина _3RU\NLR\AUTH\884184 _9279765 |
| 801 | 0 |
_aRU _bNLR _gpsbo |
|
| 801 | 1 |
_aRU _bELAR _2rusmarc |
|
| 852 |
_aNLR _j75-4/4606 |
||
| 942 | _cBOOK | ||
| 980 | _aNB | ||